000
00258 a2200097 4500
001
52971
100
_a
Herpy M
245
_a
Analog Integrated Circuits Operational Amplifiers & Analog Multiplies
260
_a
New York
_b
John Wiley
_c
090
_c
33301
_d
33301
942
_a
NUST-CAE
_c
M
_c
25894
999
_c
288044
_d
288044